<?xml version="1.0" encoding="UTF-8"?>
<record
    xmlns:xsi="http://www.w3.org/2001/XMLSchema-instance"
    xsi:schemaLocation="http://www.loc.gov/MARC21/slim http://www.loc.gov/standards/marcxml/schema/MARC21slim.xsd"
    xmlns="http://www.loc.gov/MARC21/slim">

  <leader>04161njm a2200553Ia 4500</leader>
  <controlfield tag="001">E7241</controlfield>
  <controlfield tag="003">IT-RoPAU</controlfield>
  <controlfield tag="005">20220918181113.0</controlfield>
  <controlfield tag="008">131025s9999    xx            000 0 und d</controlfield>
  <datafield tag="040" ind1=" " ind2=" ">
    <subfield code="a">IT-RoPAU</subfield>
  </datafield>
  <datafield tag="040" ind1=" " ind2=" ">
    <subfield code="c">IT-RoPAU</subfield>
  </datafield>
  <datafield tag="041" ind1=" " ind2=" ">
    <subfield code="a">INGLESE</subfield>
  </datafield>
  <datafield tag="999" ind1=" " ind2=" ">
    <subfield code="c">99203</subfield>
    <subfield code="d">99203</subfield>
  </datafield>
  <datafield tag="999" ind1=" " ind2=" ">
    <subfield code="b">n.d.</subfield>
  </datafield>
  <datafield tag="100" ind1=" " ind2=" ">
    <subfield code="a">AA.VV.</subfield>
    <subfield code="9">794</subfield>
  </datafield>
  <datafield tag="100" ind1=" " ind2=" ">
    <subfield code="e">Autore musica</subfield>
    <subfield code="9">31909</subfield>
  </datafield>
  <datafield tag="100" ind1=" " ind2=" ">
    <subfield code="g">Codice autore musica SPICS: 12000</subfield>
    <subfield code="9">796</subfield>
  </datafield>
  <datafield tag="245" ind1=" " ind2=" ">
    <subfield code="a">Top of the Spot 1997</subfield>
  </datafield>
  <datafield tag="250" ind1=" " ind2=" ">
    <subfield code="a">2a ed.</subfield>
  </datafield>
  <datafield tag="260" ind1=" " ind2=" ">
    <subfield code="a">ITALIA</subfield>
  </datafield>
  <datafield tag="260" ind1=" " ind2=" ">
    <subfield code="b">POLYGRAM</subfield>
    <subfield code="c">1997 [1a Ed.:]</subfield>
  </datafield>
  <datafield tag="300" ind1=" " ind2=" ">
    <subfield code="a">COMPACT DISC</subfield>
  </datafield>
  <datafield tag="300" ind1=" " ind2=" ">
    <subfield code="c">68 minuti (Testo:  pag.)</subfield>
  </datafield>
  <datafield tag="500" ind1=" " ind2=" ">
    <subfield code="a">Spot tv. Brandi di spota famosi.</subfield>
  </datafield>
  <datafield tag="505" ind1=" " ind2=" ">
    <subfield code="a">That's Life [(dallo spot tv Volvo V40) (Roth David Lee) (3:00)] - I Just Wanna Make Love To You [(dallo spot tv Coca Cola Light) (James Etta) (3:00)] - Summertime [(dallo spot tv  Rex Solarex) (Fitzgerald Ella) (3:00)] - Face in the Mirror [(dallo spot tv Philishave) (Burtnick Glen) (3:00)] - 74/75 [(dallo spot tv Agip) (The Connells) (3:00)] - Something About You [(dallo spot tv Birra Tuborg) (Welch Kevin) (3:00)] - Strangers [(dallo spot tv Audi A4) (Portishead) (3:00)] - Firestarter [(dallo spot tv Superga) (Prodigy) (3:00)] - Waiting For the Story To End [(dallo spot tv Seat-Don't Be A Dummy) (Freakpower) (3:00)] - Trigger Hippie [(dallo spot tv Candy Lavastoviglie) (Morcheeba) (3:00)] - Searching [(dallo spot tv Synergie Lumivitamines di Garnier) (China Black) (3:00)] - Still A Friend of Mine [(dallo spot tv Tim Telecom Italia Mobile) (Incognito) (3:00)] - Eat My Goal [(dallo spot tv Coca Cola) (Collapsed Lung) (3:00)] - Alright [(dallo spot tv Vespa Piaggio) (Cast) (3:00)] - Disco inferno [(dallo spot tv Birra Bud) (The Trammps) (3:00)] - Good Times [(dallo spot tv Wudy Aia) (Chic) (3:00)]</subfield>
  </datafield>
  <datafield tag="650" ind1=" " ind2=" ">
    <subfield code="a">ANTOLOGIA [COMPACT DISC]</subfield>
    <subfield code="e">Codice MATERIA SPICS: 9949</subfield>
    <subfield code="9">31910</subfield>
  </datafield>
  <datafield tag="700" ind1=" " ind2=" ">
    <subfield code="a">Kay</subfield>
    <subfield code="d">Codice autore musica SPICS: 14489</subfield>
    <subfield code="e">Autore musica</subfield>
    <subfield code="p">That's Life</subfield>
    <subfield code="9">31911</subfield>
  </datafield>
  <datafield tag="700" ind1=" " ind2=" ">
    <subfield code="a">Gordon</subfield>
    <subfield code="d">Codice autore SPICS: 20474</subfield>
    <subfield code="e">Autore</subfield>
    <subfield code="p">That's Life</subfield>
    <subfield code="9">31912</subfield>
  </datafield>
  <datafield tag="700" ind1=" " ind2=" ">
    <subfield code="a">Dixon</subfield>
    <subfield code="d">Codice autore testo/musica SPICS: 15738</subfield>
    <subfield code="e">Autore testo/musica</subfield>
    <subfield code="p">I Just Wanna Make Love To You</subfield>
    <subfield code="9">31913</subfield>
  </datafield>
  <datafield tag="700" ind1=" " ind2=" ">
    <subfield code="a">Gershwin Ira</subfield>
    <subfield code="d">Codice autore musica SPICS: 10501</subfield>
    <subfield code="e">Autore musica</subfield>
    <subfield code="p">Summertime</subfield>
    <subfield code="9">31914</subfield>
  </datafield>
  <datafield tag="700" ind1=" " ind2=" ">
    <subfield code="a">Gershwin George</subfield>
    <subfield code="d">Codice autore SPICS: 10668</subfield>
    <subfield code="e">Autore</subfield>
    <subfield code="p">Summertime</subfield>
    <subfield code="9">31915</subfield>
  </datafield>
  <datafield tag="700" ind1=" " ind2=" ">
    <subfield code="a">Heyward Dubose</subfield>
    <subfield code="d">Codice autore testo/musica SPICS: 24225</subfield>
    <subfield code="e">Autore testo/musica</subfield>
    <subfield code="p">Summertime</subfield>
    <subfield code="9">31916</subfield>
  </datafield>
  <datafield tag="700" ind1=" " ind2=" ">
    <subfield code="a">Burtnick Glen</subfield>
    <subfield code="d">Codice autore testo/musica SPICS: 49241</subfield>
    <subfield code="e">Autore testo/musica</subfield>
    <subfield code="p">Face in the Mirror</subfield>
    <subfield code="9">31917</subfield>
  </datafield>
  <datafield tag="700" ind1=" " ind2=" ">
    <subfield code="a">Connell M.</subfield>
    <subfield code="d">Codice autore testo/musica SPICS: 49242</subfield>
    <subfield code="e">Autore testo/musica</subfield>
    <subfield code="p">74/75</subfield>
    <subfield code="9">31918</subfield>
  </datafield>
  <datafield tag="700" ind1=" " ind2=" ">
    <subfield code="a">Welch</subfield>
    <subfield code="d">Codice autore testo/musica SPICS: 32251</subfield>
    <subfield code="e">Autore testo/musica</subfield>
    <subfield code="p">Something About You</subfield>
    <subfield code="9">31919</subfield>
  </datafield>
  <datafield tag="700" ind1=" " ind2=" ">
    <subfield code="a">Barrow G.</subfield>
    <subfield code="d">Codice autore musica SPICS: 49243</subfield>
    <subfield code="e">Autore musica</subfield>
    <subfield code="p">Strangers</subfield>
    <subfield code="9">31920</subfield>
  </datafield>
  <datafield tag="700" ind1=" " ind2=" ">
    <subfield code="a">Gibbons B.</subfield>
    <subfield code="d">Codice autore SPICS: 49244</subfield>
    <subfield code="e">Autore</subfield>
    <subfield code="p">Strangers</subfield>
    <subfield code="9">31921</subfield>
  </datafield>
  <datafield tag="700" ind1=" " ind2=" ">
    <subfield code="a">Utley A.</subfield>
    <subfield code="d">Codice autore testo/musica SPICS: 49245</subfield>
    <subfield code="e">Autore testo/musica</subfield>
    <subfield code="p">Strangers</subfield>
    <subfield code="9">31922</subfield>
  </datafield>
  <datafield tag="700" ind1=" " ind2=" ">
    <subfield code="a">Prodigy</subfield>
    <subfield code="d">Codice autore testo/musica SPICS: 49247</subfield>
    <subfield code="e">Autore testo/musica</subfield>
    <subfield code="p">Firestarter</subfield>
    <subfield code="9">31923</subfield>
  </datafield>
  <datafield tag="700" ind1=" " ind2=" ">
    <subfield code="a">Cook</subfield>
    <subfield code="d">Codice autore testo/musica SPICS: 20428</subfield>
    <subfield code="e">Autore testo/musica</subfield>
    <subfield code="p">Waiting For the Story To End</subfield>
    <subfield code="9">31924</subfield>
  </datafield>
  <datafield tag="700" ind1=" " ind2=" ">
    <subfield code="a">Godfrey Paul e Ross</subfield>
    <subfield code="d">Codice autore testo/musica SPICS: 49248</subfield>
    <subfield code="e">Autore testo/musica</subfield>
    <subfield code="p">Trigger Hippie</subfield>
    <subfield code="9">31925</subfield>
  </datafield>
  <datafield tag="700" ind1=" " ind2=" ">
    <subfield code="a">Fung Simon</subfield>
    <subfield code="d">Codice autore testo/musica SPICS: 49249</subfield>
    <subfield code="e">Autore testo/musica</subfield>
    <subfield code="p">Searching</subfield>
    <subfield code="9">31926</subfield>
  </datafield>
  <datafield tag="700" ind1=" " ind2=" ">
    <subfield code="a">Incognito</subfield>
    <subfield code="d">Codice autore testo/musica SPICS: 49250</subfield>
    <subfield code="e">Autore testo/musica</subfield>
    <subfield code="p">Still A Friend of Mine</subfield>
    <subfield code="9">31927</subfield>
  </datafield>
  <datafield tag="700" ind1=" " ind2=" ">
    <subfield code="a">Collapsed Lung</subfield>
    <subfield code="d">Codice autore testo/musica SPICS: 49251</subfield>
    <subfield code="e">Autore testo/musica</subfield>
    <subfield code="p">Eat My Goal</subfield>
    <subfield code="9">31928</subfield>
  </datafield>
  <datafield tag="700" ind1=" " ind2=" ">
    <subfield code="a">Power John</subfield>
    <subfield code="d">Codice autore testo/musica SPICS: 49253</subfield>
    <subfield code="e">Autore testo/musica</subfield>
    <subfield code="p">Alright</subfield>
    <subfield code="9">31929</subfield>
  </datafield>
  <datafield tag="700" ind1=" " ind2=" ">
    <subfield code="a">Green</subfield>
    <subfield code="d">Codice autore musica SPICS: 28242</subfield>
    <subfield code="e">Autore musica</subfield>
    <subfield code="p">Disco inferno</subfield>
    <subfield code="9">31930</subfield>
  </datafield>
  <datafield tag="700" ind1=" " ind2=" ">
    <subfield code="a">Edwards Bernard</subfield>
    <subfield code="d">Codice autore musica SPICS: 49254</subfield>
    <subfield code="e">Autore musica</subfield>
    <subfield code="p">Good Times</subfield>
    <subfield code="9">31931</subfield>
  </datafield>
  <datafield tag="700" ind1=" " ind2=" ">
    <subfield code="a">Rodgers Nile</subfield>
    <subfield code="d">Codice autore testo/musica SPICS: 32248</subfield>
    <subfield code="e">Autore testo/musica</subfield>
    <subfield code="p">Good Times</subfield>
    <subfield code="9">31932</subfield>
  </datafield>
  <datafield tag="942" ind1=" " ind2=" ">
    <subfield code="c">CD</subfield>
    <subfield code="2">ddc</subfield>
  </datafield>
  <datafield tag="952" ind1=" " ind2=" ">
    <subfield code="0">0</subfield>
    <subfield code="1">0</subfield>
    <subfield code="4">0</subfield>
    <subfield code="6">E_7241_000000000000000</subfield>
    <subfield code="7">1</subfield>
    <subfield code="a">SPICS</subfield>
    <subfield code="b">SPICS</subfield>
    <subfield code="d">2013-10-25</subfield>
    <subfield code="l">0</subfield>
    <subfield code="o">E7241</subfield>
    <subfield code="r">2013-10-25 00:00:00</subfield>
    <subfield code="w">2013-10-25</subfield>
    <subfield code="y">CD</subfield>
    <subfield code="z">Progr. Ins.: 2738 / N.Vol.: 1 / Copie: 1 - Copia rara: n.d. / date import: 01.01.2014 - By Epidotti, Trombetti, Vaglietti</subfield>
  </datafield>
</record>
